| 000 | 00738nam a2200241 a 4500 | ||
|---|---|---|---|
| 003 | DO-SdBNP | ||
| 005 | 20260601111319.0 | ||
| 007 | ta | ||
| 008 | 221102e2021 |||||||er|||| 000 1dspa d | ||
| 020 | _a9788417915353 | ||
| 040 |
_aDO-SdBNP _bspa _cBNPHU |
||
| 082 | 4 |
_aRD863.5 _bR788b _222 |
|
| 100 | 1 |
_aRosa Méndez, Juan, de la _d1971- _982672 |
|
| 245 | 1 | 0 |
_aBodas de fuego / _cJuan De La Rosa Méndez. |
| 260 |
_aSanto Domingo : _bCentenario, _c2021 |
||
| 300 |
_a745 p. ; _c23 cm. |
||
| 500 | _aIncluye datos biográficos del autor en las solapa de la cubierta | ||
| 590 | _aInventariado, 2022 / MF | ||
| 650 | 7 |
_aNovela dominicana _95014 _2LEMB |
|
| 650 | 7 |
_aLiteratura dominicana _2LEMB |
|
| 910 | _aMFeliz | ||
| 942 |
_2ddc _cLBS1 |
||
| 999 |
_c52758 _d52758 |
||